বিনয়ভূষণ সেনগুপ্ত : (Record no. 1464355)

MARC details
000 -LEADER
fixed length control field 01913nam a2200421 a 4500
001 - CONTROL NUMBER
control field vtls002049072
003 - CONTROL NUMBER IDENTIFIER
control field NLI
005 - DATE AND TIME OF LATEST TRANSACTION
control field 20210701043827.0
008 - FIXED-LENGTH DATA ELEMENTS--GENERAL INFORMATION
fixed length control field 191010s2013 ii fc g| 000 m ben
020 ## - INTERNATIONAL STANDARD BOOK NUMBER
Terms of availability Rs. 200.00
039 #9 - LEVEL OF BIBLIOGRAPHIC CONTROL AND CODING DETAIL [OBSOLETE]
Level of rules in bibliographic description 201910101650
Level of effort used to assign nonsubject heading access points ardhenduk
Level of effort used to assign subject headings 201910101640
Level of effort used to assign classification ardhenduk
-- 201910101638
-- ardhenduk
040 ## - CATALOGING SOURCE
Original cataloging agency NLI
Language of cataloging ben
Transcribing agency Bengali Div
041 0# - LANGUAGE CODE
Language code of text/sound track or separate title ben
044 ## - COUNTRY OF PUBLISHING/PRODUCING ENTITY CODE
MARC country code ii
082 04 - DEWEY DECIMAL CLASSIFICATION NUMBER
Classification number 928.9144
Edition number 23
100 1# - MAIN ENTRY--PERSONAL NAME
Linkage 880-01
245 00 - TITLE STATEMENT
Linkage 880-02
Title বিনয়ভূষণ সেনগুপ্ত :
Remainder of title (কবি, প্রাবন্ধিক, গল্পকার, গীতিকার, সুরকার ও সঙ্গীতশিল্পী) /
Statement of responsibility, etc. সম্পাদক সুবোধচন্দ্র দত্তচৌধুরী
260 ## - PUBLICATION, DISTRIBUTION, ETC.
Place of publication, distribution, etc. কলকাতা :
Name of publisher, distributor, etc. সুবোধচন্দ্র দত্তচৌধুরী,
Date of publication, distribution, etc. 2012
300 ## - PHYSICAL DESCRIPTION
Extent 239 p. , [4] p. of col. plates :
Other physical details ports.(col.) ;
Dimensions 22 cm.
600 1# - SUBJECT ADDED ENTRY--PERSONAL NAME
Personal name Sengupta, Binaybhusan, 1931-
General subdivision Criticism and interpretation
9 (RLIN) 1368544
650 #0 - SUBJECT ADDED ENTRY--TOPICAL TERM
Topical term or geographic name entry element Bengali literature
9 (RLIN) 677190
700 1# - ADDED ENTRY--PERSONAL NAME
Linkage 880-03
Personal name দত্তচৌধুরী, সুবোধচন্দ্র,
Relationship edt.
9 (RLIN) 676999
700 1# - ADDED ENTRY--PERSONAL NAME
Linkage 880-04
700 1# - ADDED ENTRY--PERSONAL NAME
Linkage 880-05
880 1# - ALTERNATE GRAPHIC REPRESENTATION
Linkage 100-01(B
880 00 - ALTERNATE GRAPHIC REPRESENTATION
Linkage 245-02(B
a Binaybhūṣaṇ Sengupta :
b (kabi, prābandhik, galpakār, gītikār, surakār o sangītśilpī) /
c edt. by Subodhcandra Dattacaudhurī
880 1# - ALTERNATE GRAPHIC REPRESENTATION
Linkage 700-03(B
a Dattacaudhurī, Subodhcandra,
4 edt.
880 1# - ALTERNATE GRAPHIC REPRESENTATION
Linkage 700-04(B
880 1# - ALTERNATE GRAPHIC REPRESENTATION
Linkage 700-05(B
887 ## - NON-MARC INFORMATION FIELD
Content of non-MARC field Ardhendu Kunkri
901 ## - LOCAL DATA ELEMENT A, LDA (RLIN)
a 85029 :
b 20.01.2014
902 ## - LOCAL DATA ELEMENT B, LDB (RLIN)
a B 928.9144 Se 4597
904 ## - LOCAL DATA ELEMENT D, LDD (RLIN)
a Ardhendu Kunkri
949 ## - LOCAL PROCESSING INFORMATION (OCLC)
-- VIRTUAITEM
-- 10008
-- 100
6 DBA000085029BEN
e 85029
942 ## - ADDED ENTRY ELEMENTS (KOHA)
Source of classification or shelving scheme Dewey Decimal Classification
Koha item type Books
Holdings
Withdrawn status Lost status Damaged status Not for loan Collection code Home library Current library Shelving location Date acquired Total Checkouts Full call number Barcode Date last seen Price effective from Koha item type
        Bengali National Library of India National Library of India Bengali - Books - Main Stack Division     B 928.9144 Se 4597 DBA000085029BEN 01/07/2021 01/07/2021 Books
                                                                           
web counter

Copyright ©2020 The National Library of India, Govt. of India ↔ Hosted by NVLI, MOC ↔ Technology and Design by National Library of India, Ministry of Culture, Govt. of India